00532 2200181 4500001002100000005001500021035002000036007000300056008004100059020002200100100001600122245007800138250001100216260003500227300004600262650001900308600002300327INLIS00000000000063920221128122756 a0010-1122000233ta221128 b 0 ind  a978-623-3599-03-40 aDona Suzana1 aBuah Dulu, Baru Daging :bKeajaiban Surat Ath-Thus ayat 22 /cDona Suzana aCet. I aJakarta :bmaskana Kids,c2021 a24 halaman :bilustrasi berwarna ;c21 cm 4aSurat Ath-Thur 4aBacaan Anak Muslim